000 00419nam a22001577a 4500
999 _c8015
_d8013
005 20220616134645.0
008 220616b ||||| |||| 00| 0 eng d
020 _a97815-43346-31-2
041 _aeng
100 _aCHAUDHARY, DR. PREETI AND PINGALE, DR. RUPESH
_97302
245 _aCURRENT TRENDS IN PHARMACOTHERAPEUTICS
260 _bS.VIKAS AND COMPANY
300 _a284;P
650 _aPHARMACY
_97303
942 _cBK